Normal view MARC view
  • Coldstream, William,

Entry Personal Name

Number of records used in: 2

001 - CONTROL NUMBER

  • control field: 1365

003 - CONTROL NUMBER IDENTIFIER

  • control field: NUST

005 - DATE AND TIME OF LATEST TRANSACTION

  • control field: 20170523144314.0

008 - FIXED-LENGTH DATA ELEMENTS

  • fixed length control field: 170523|| aca||aabn | a|a d

040 ## - CATALOGING SOURCE

  • Original cataloging agency: NUST
  • Transcribing agency: NUST

100 ## - HEADING--PERSONAL NAME

  • Personal name: Coldstream, William,
  • Dates associated with a name: -1929.

670 ## - SOURCE DATA FOUND

  • Source citation: Work cat.: (NUST)0: North-Western Provinces (India). Intelligence Department. 1362, Records of the Intelligence Department of the Government of the North-West Provinces of India during the Mutiny of 1857 :, 2007.
© 2023 Central Library, National University of Sciences and Technology. All Rights Reserved.